Guess 8 moroccan footballers by image - Statistics

General Stats
  • This quiz has been taken 212 times
  • The average score is 7 of 8
Answer Stats
Picture Answer % Correct
Achraf Hakimi
99%
Hakim Ziyech
97%
Yassine Bounou
95%
Sofyan Amrabat
90%
Noussair Mazraoui
78%
Medhi Benatia
69%
Sofiane Boufal
68%
Youssef En-Nesyri
67%
No matching quizzes found
Score Distribution
Percent of People with Each Score
Percentile by Number Answered
Your Score History
You have not taken this quiz